| 000 | 00587nam a2200193 i 4500 | ||
|---|---|---|---|
| 001 | 146578 | ||
| 003 | ES-MaACL | ||
| 005 | 20250805062611.0 | ||
| 007 | t| | ||
| 008 | 070912s1978 sp ||||1| spa d | ||
| 100 | 1 |
_aTouraine, Alain, _d1925-2023 _9111138 |
|
| 245 | 1 | 0 |
_aIntroducción a la sociología / _cAlain Tourain ; [traducción de Juan de Benavent]. |
| 250 | _a[1ª ed.]. | ||
| 260 |
_aBarcelona, etc. : _bAriel, _c[1978] |
||
| 300 |
_a333 p. ; _c18 cm. |
||
| 650 | 7 |
_aSociología _2embne _917195 |
|
| 852 |
_aES-MaACL _jA-8232 _bR.97201 |
||
| 999 |
_c146578 _d146578 |
||